| 000 | 00501nam a2200157 a 4500 | ||
|---|---|---|---|
| 001 | 000037050 | ||
| 005 | 20200930080117.0 | ||
| 008 | 120209s1975 dr ac 000 0 spa d | ||
| 020 | _a8428307059 | ||
| 040 |
_aDO-SdBNP _bspa _cBNPHU |
||
| 082 |
_axxx _bF363m |
||
| 100 | 1 |
_aFernández Ormaechea, Antonio _928988 |
|
| 245 | 1 | 0 |
_aMemorias de un rebelde / _cA. Fernández Ormaechea. |
| 260 |
_aLa Vega, Republica Dominicana : _bParaninfo, _c1975 _eMadrid, España |
||
| 300 |
_a460 p. : _bil., retrs. ; _c21 cm. |
||
| 999 |
_c36540 _d36540 |
||